00000000nam##2200000za#4500
0019.648836
003CaOODSP
00520210615113336
007ta
008150407|2003||||xxc|||||     f|0| 0 eng|d
020 |a0-662-33817-0
040 |aCaOODSP|beng
043 |an-cn---
0861 |aH68-27/2002E
1101 |aCanada.|bHealth Canada. |bNational Council of Welfare.
24510|aWelfare incomes, 2002 : |ba report by the National Council of Welfare
260 |aOttawa - Ontario : |bHealth Canada. |c2003.
300 |aviii, 85p. : |bfigs., tables ; |c28 cm.
563 |aSoftcover
590 |a03-18|b2003-05-02
77508|tRevenus de bien-être social, 2002 : |w(CaOODSP)9.682094
986 |aNational Council of Welfare reports, Volume #119